| 000 | 00532nam a2200181Ia 4500 | ||
|---|---|---|---|
| 999 |
_c14706 _d14706 |
||
| 003 | OSt | ||
| 005 | 20201102121311.0 | ||
| 008 | 190216s9999||||xx |||||||||||||| ||und|| | ||
| 040 | _coclc | ||
| 082 |
_a823.087208 _bCOX/O |
||
| 100 |
_aCox, Michel _96197 |
||
| 245 | 4 |
_aThe Oxford Book Of English Ghost Stories / _cMichael Cox |
|
| 250 | _a4TH EDI | ||
| 260 |
_bOxford University Press, _c2008. _aNew york: |
||
| 300 | _a504p | ||
| 650 | _aEnglish | ||
| 942 |
_cBK _2ddc _h823.087208 _iCOX/O _k823.087208 _mCOX/O |
||